[Event "TUR-ch U13-U18 Girls"]
[Site "Antalya"]
[Date "2020.01.19"]
[Round "1"]
[White "Altin, Cagla"]
[Black "Yilmaz, Duygu Sila"]
[Result "0-1"]
[WhiteElo "1103"]
[BlackElo "1405"]
[PlyCount "72"]
[EventDate "2020.01.19"]
[EventType "swiss"]
[EventRounds "11"]
[EventCountry "TUR"]
[SourceTitle "CBM 195 Extra"]
[Source "ChessBase"]
[SourceDate "2020.05.31"]
[SourceVersion "1"]
[SourceVersionDate "2020.05.31"]
[SourceQuality "1"]

1. e4 e5 2. Nc3 Nf6 3. Nf3 Nc6 4. a3 a6 5. d3 Bc5 6. h3 d6 7. Be2 h6 8. 0-0 Be6 9. Bd2 Qd7 10. Rb1 a5 11. Qc1 Ne7 12. b4 axb4 13. axb4 Bb6 14. Be3 Qc6 15. Qd2 Bxe3 16. fxe3 Ra3 17. Nd1 Ng6 18. Nf2 0-0 19. Ra1 Rfa8 20. Rxa3 Rxa3 21. Rb1 d5 22. Rb3 Ra1+ 23. Kh2 dxe4 24. Rc3 exf3 25. Rxc6 fxe2 26. Qxe2 bxc6 27. d4 exd4 28. exd4 Bd5 29. Qe3 Ra2 30. c3 Nh4 31. g3 Nf3+ 32. Kg2 Ne5+ 33. Kg1 Ra1+ 34. Kh2 Nfg4+ 35. hxg4 Nxg4+ 36. Nxg4 Rh1# 0-1